Familiar quotations (Record no. 6616)

MARC details
000 -CABECERA
campo de control de longitud fija 00815nam a2200241 a 4500
001 - NÚMERO DE CONTROL
campo de control BRCA_6934
005 - FECHA Y HORA DE LA ÚLTIMA TRANSACCIÓN
campo de control 20190320205640.0
008 - DATOS DE LONGITUD FIJA--INFORMACIÓN GENERAL
campo de control de longitud fija 171111s1948----u--#######---#000-0#eng-#
041 ## - CÓDIGO DE LENGUA
Código de lengua del texto/banda sonora o título independiente eng
044 ## - CÓDIGO DEL PAÍS DE LA ENTIDAD EDITORA/PRODUCTORA
Código MARC del país u
050 #4 - SIGNATURA TOPOGRÁFICA DE LA BIBLIOTECA DEL CONGRESO
Número de clasificación PN6081
Número de documento/Ítem .B37 1948
245 10 - MENCIÓN DE TÍTULO
Título Familiar quotations
Resto del título a collection of pasages, phrases and proverbs, traced to their sources in ancient and modern literature
Mención de responsabilidad, etc. by John Bartlett ; Christopher Morley editor ; Lovella D. Everett associate editor.
250 ## - MENCIÓN DE EDICIÓN
Mención de edición 12
260 ## - PUBLICACIÓN, DISTRIBUCIÓN, ETC.
Lugar de publicación, distribución, etc. Boston
Nombre del editor, distribuidor, etc. Little, Brown
Fecha de publicación, distribución, etc. 1948
300 ## - DESCRIPCIÓN FÍSICA
Extensión xlii, 1831 p.
Dimensiones 25 cm.
500 ## - NOTA GENERAL
Nota general Estado físico: camisa rota
500 ## - NOTA GENERAL
Nota general O157
650 14 - PUNTO DE ACCESO ADICIONAL DE MATERIA--TÉRMINO DE MATERIA
Término de materia o nombre geográfico como elemento de entrada Citas Literarias
9 (RLIN) 17283
710 2# - PUNTO DE ACCESO ADICIONAL--NOMBRE DE ENTIDAD CORPORATIVA
Nombre de entidad corporativa o nombre de jurisdicción como elemento de entrada Morley, Christopher Dalington
Término indicativo de función/relación ed.
9 (RLIN) 17284
710 2# - PUNTO DE ACCESO ADICIONAL--NOMBRE DE ENTIDAD CORPORATIVA
Nombre de entidad corporativa o nombre de jurisdicción como elemento de entrada Everett, Lovella D.
Término indicativo de función/relación coed.
9 (RLIN) 17285
902 ## - CATALOGADOR
Iniciales GFM
942 ## - ELEMENTOS DE PUNTO DE ACCESO ADICIONAL (KOHA)
Fuente del sistema de clasificación o colocación Library of Congress Classification
Tipo de ítem Koha Libros
Holdings
Estado de retiro Estado de pérdida Estado dañado No para préstamo Localización permanente Ubicación/localización actual Fecha de adquisición Número de inventario Total de préstamos Signatura topográfica completa Código de barras Fecha visto por última vez Precio válido a partir de Tipo de ítem Koha
El ejemplar forma parte de la colección y puede ser consultado según las políticas vigentes.       Biblioteca del Museo Franz Mayer (Rogerio Casas-Alatriste) Biblioteca del Museo Franz Mayer (Rogerio Casas-Alatriste) 17/11/2011 O157   PN6081 .B37 1948 (O157) 7381 22/03/2019 22/03/2019 Libros